000 00887cam a22002772a 4500
001 62962
003 BD-RjUL
005 20211209081139.0
008 170126s1954 enk b 000 0 eng d
035 _a(BD-RjUL)63090
040 _aTRN
_cTRN
_dBD-RjUL
_beng
041 _aeng
082 _a821.4
_bDRD 1954
090 _aPR3413
_b.A1 1954
100 1 _aDryden, John,
_d1631-1700.
_9187246
245 0 0 _aDryden's poems /
_cedited and introduced by Bonamy Dobrée ...
260 _aLondon :
_bJ.M. Dent & Sons, ltd ;
_aNew York :
_bE.P. Dutton & Co., Inc,
_c1954
300 _axxi, 288 p. ;
_c19 cm
490 1 _aEveryman's library ;
_v910
500 _aSelected poems
504 _aBibliography: p. xix-xxi
600 _aDryden, John
_d1631-1700
_qPoems.
_9187247
700 1 _aDobrée, Bonamy,
_d1891-1974 .
_9187248
830 0 _aEveryman's library ;
_v910.
_9187254
942 _2ddc
_cBK
999 _c62962
_d62962